00914nam a2200277Ia 4500001000900000003000500009005001700014008004100031010001100072020001800083040000900101082001100110100004000121245008700161260005400248300001100302500000800313650001700321650002400338901001100362902000600373905006300379942001500442999001900457952016000476dia_1679CHAP20231027105747.0220117s1996 xx 000 0 und d a172225 a968-29-9112-9 cCHAP a531 G80 aGutiérrez Aranzeta, Carlos951618 a60 Experimentos Caseros de Mecánica y Calor /c por Carlos Gutiérrez Aranzeta. aMéxico. Instituto Politécnico Nacional.c1996 a177 p. aC/e aCalor917570 aMecánica. 973810 a531 G8 aM a0000001996 MEXILUS0000000000ESP00 cLIBRO2ddc c172225d172225 00102ddc4051708GRALaIA_bIA_d2000-09-19eCompra SEP F. 9620 / Res. (25-Sep-2000)g20.00iC/el0o531 G8pdia_5250r2022-01-18 00:00:00tEj. 1yLIBRO